000 01075nas a2200337 4500
001 BR9204116
003 BR-BrBNA
005 20231205092706.0
007 ta
008 230509b bl.|||p| |||| 00| 00por d
040 _aBR-BrBNA
_bpor
_cBiblioteca Nacional de Agricultura
041 _a(Pt)
072 _aH20; F03
100 1 _aLopes, M.E.B.M.
100 1 _aJuliatti, F.C.
100 1 _aOuchi, S.
100 1 _aMoreira, E.M.
100 1 _aBarbosa, M.V.
100 1 _aHirai, L.T.
245 1 _aEfeito do tratamento de sementes de trigo (Triticum aestivum L.)com fungicidas no controle da podridao comum das raizes
246 1 _aEffect of wheat (Triticum aestivum L.)seed treatment with fungicides for the control of common rot roots
650 _aTRIGO
650 _aSEMENTE
650 _aHELMINTOSPORIOSE
650 _aFUNGICIDA
650 _aPODRIDAO DA RAIZ
650 _aCONTROLE QUIMICO
773 0 _tPoliagro (Brazil)
_xISSN 0100-3461
_g(1991), v. 10(1) p. 29-38
_wBR9204116
909 _a202311
_bLúcia
_c55
_dLúcia Elande
942 _2AGRIS
_n0
_cANA
999 _c133444
_d133444